LEADER 00743nam0-22002891i-450- 001 990007509880403321 005 20050712155123.0 035 $a000750988 035 $aFED01000750988 035 $a(Aleph)000750988FED01 035 $a000750988 100 $a20030814d1936----km-y0itay50------ba 101 0 $aita 102 $aIT 200 1 $a<>Adda$fTouring Club italiano 210 $aMilano$cTci$d1936. 215 $a14 p.$d22 cm+ 1 c. geogr. ripieg. 225 1 $aGuidine fluviali 610 0 $aAdda 710 02$aTouring club italiano$05623 801 0$aIT$bUNINA$gRICA$2UNIMARC 901 $aBK 912 $a990007509880403321 952 $aD-01E-007$bIst.2965$fILFGE 959 $aILFGE 996 $aAdda$9683453 997 $aUNINA